00708 2200205 4500001002100000005001700021008004100038035002400079040001200103082000800115090001700123100001500140245010300155260009400258300004200352500002500394504002500419650004000444990001800484YOGYA-0113000000047320130108135406.0 ind  0010-011300000000473 aYOPDYOG a333 aSK 333 Erl P aERLINAWATI aPemanfaatan lahan pekarangan sebagai usaha peningkatan pendapatan keluarga/disusun oleh Erlinawati aYogyakartabJurusan Ilmu Sosiatri Sekolah Tinggi Pembangunan Masyarakat Desa "APMD"c2003 aXIII, 73, (25) lbrbilus, lampc29 cm aSkripsi STPMD "APMD" aBibliografi (lbr.75) aTanah - penggunaan dan pemeliharaan a42431-PD/A.12